书目信息 |
| 题名: |
生物伦理学十五讲
|
|
| 作者: | 高崇明 , 张爱琴 著 | |
| 分册: | ||
| 出版信息: | 北京 北京大学出版社 2004.3 |
|
| 页数: | 337页 | |
| 开本: | 23cm | |
| 丛书名: | 名家通识讲座书系 | |
| 单 册: | ||
| 中图分类: | B82-057 | |
| 科图分类: | ||
| 主题词: | 生物学--伦理学 | |
| 电子资源: | ||
| ISBN: | 978-7-301-06637-9 | |
| 000 | 00914oam2 2200277 45 | |
| 001 | 1360591593 | |
| 005 | 20130531100158.89 | |
| 010 | @a978-7-301-06637-9@dCNY27.00 | |
| 100 | @a20130513d2004 em y0chiy0120 ea | |
| 101 | 0 | @achi |
| 102 | @aCN@b110000 | |
| 105 | @aa a 000yy | |
| 106 | @ar | |
| 200 | 1 | @a生物伦理学十五讲@ASheng Wu Lun Li Xue Shi Wu Jiang@f高崇明,张爱琴著@FGao Chong Ming , Zhang Ai Qin Zhu |
| 210 | @a北京@c北京大学出版社@d2004.3 | |
| 215 | @a337页@c图@d23cm | |
| 225 | 2 | @a名家通识讲座书系 |
| 320 | @a有书目 | |
| 330 | @a本书讲述关于生物伦理学的问题,包括“人类基因组计划”、“基因和基因治疗”、“转基因农作物回归自然界”等十五讲。 | |
| 461 | 0 | @12001 @a名家通识讲座书系 |
| 606 | 0 | @a生物学@x伦理学 |
| 690 | @aB82-057@v5 | |
| 701 | 0 | @a高崇明@AGao Chong Ming@4著 |
| 701 | 0 | @a张爱琴@AZhang Ai Qin@4著 |
| 801 | @aCN@bTANGWEI@c20130523 | |
| 905 | @b0835917-20@dB82-057@e492@f4 | |
| 生物伦理学十五讲/高崇明,张爱琴著.-北京:北京大学出版社,2004.3 |
| 337页:图;23cm.-(名家通识讲座书系) |
| ISBN 978-7-301-06637-9:CNY27.00 |
| 本书讲述关于生物伦理学的问题,包括“人类基因组计划”、“基因和基因治疗”、“转基因农作物回归自然界”等十五讲。 |
| ● |
| 相关链接 |
|
|
|
|
正题名:生物伦理学十五讲
索取号:B82-057/492
 
预约/预借
| 序号 | 登录号 | 条形码 | 馆藏地/架位号 | 状态 | 备注 |
| 1 | 0835917 | 208359177 | 第一样本阅览室/ [索取号:B82-057/492] | 在馆 | |
| 2 | 0835918 | 208359186 | 教育系资料室/ [索取号:B82-057/492] | 在馆 | |
| 3 | 0835919 | 208359195 | 第一借阅区/ [索取号:B82-057/492] | 在馆 | |
| 4 | 0835920 | 208359202 | 教育系资料室/ [索取号:B82-057/492] | 在馆 |